Matematika : pracovný zošit 3 : pre gymnáziá a stredné školy /
Gespeichert in:
| 1. Verfasser: | |
|---|---|
| Format: | Buch |
| Sprache: | Slowakisch |
| Veröffentlicht: |
[Bratislava] :
LiberaTerra,
2018
|
| Schlagworte: | |
| ISBN: | 9788089792566 |
| Online-Zugang: |
|
| Tags: |
Tag hinzufügen
Keine Tags, Fügen Sie den ersten Tag hinzu!
|
MARC
| LEADER | 00000nam a2200000 4500 | ||
|---|---|---|---|
| 003 | SK-BrCVT | ||
| 005 | 20220925154503.0 | ||
| 006 | aad e 000 0 | ||
| 008 | 180907s2018 xo ad e 000 0slo#d | ||
| 020 | |a 9788089792566 |q (brož.) | ||
| 035 | |a CVTIDW0067815 | ||
| 040 | |a SNK |b slo |c SVKBB |e rda |d CVTI SR | ||
| 041 | 0 | |a slo | |
| 044 | |a xo |c SK | ||
| 080 | |a 51 |2 2008 | ||
| 100 | 1 | |a Dományová, Mária, |d 1951- |4 aut | |
| 245 | 1 | 0 | |a Matematika : |b pracovný zošit 3 : pre gymnáziá a stredné školy / |c Mária Dományová ; [grafické spracovanie: Peter Horváth] |
| 246 | 1 | 4 | |a Matematika 3 |
| 260 | |a [Bratislava] : |b LiberaTerra, |c 2018 | ||
| 300 | |a 80 s. : |b grafy, obr., tab. ; |c 30 cm | ||
| 650 | 0 | 7 | |a matematika |2 SNKPH |
| 650 | 0 | 7 | |a Mathematics |2 SNKPHeng |
| 653 | 1 | |a matematika | |
| 655 | 7 | |a učebnice stredných škôl |2 SNKPH | |
| 655 | 7 | |a pracovné zošity |2 SNKPH | |
| 655 | 7 | |a Textbooks (secondary) |2 SNKPHeng | |
| 655 | 7 | |a Activity books |2 SNKPHeng | |
| 700 | 1 | |a Horváth, Peter |4 bkd | |
| 852 | |a CVTISR |b 1 | ||
| 910 | |b A626868 | ||
| 919 | |a 978-80-89792-56-6 | ||
| 959 | |a 08 | ||
| 974 | |a katarina.repata |f Knihy | ||
| 992 | |a AUS | ||
| 992 | |a ACV | ||
| 999 | |c 261290 |d 261290 | ||

